Calculation of heat and mass transfer in the earth's crust : (Record no. 12305)
[ view plain ]
| 000 -LEADER | |
|---|---|
| fixed length control field | 01380cam a2200349 i 4500 |
| 001 - CONTROL NUMBER | |
| control field | 1911935 |
| 003 - CONTROL NUMBER IDENTIFIER | |
| control field | EG-ScBUE |
| 005 - DATE AND TIME OF LATEST TRANSACTION | |
| control field | 20260120092859.0 |
| 008 - FIXED-LENGTH DATA ELEMENTS--GENERAL INFORMATION | |
| fixed length control field | 841005t1981 ii a f b 000 0 eng d |
| 040 ## - CATALOGING SOURCE | |
| Original cataloging agency | DLC |
| Language of cataloging | eng |
| Description conventions | rda |
| Transcribing agency | DLC |
| Modifying agency | DLC |
| -- | EG-ScBUE |
| 082 04 - DEWEY DECIMAL CLASSIFICATION NUMBER | |
| Edition number | 22 |
| Classification number | 551.14 |
| Item number | LYA |
| 100 1# - MAIN ENTRY--PERSONAL NAME | |
| Personal name | Lyalko, V. I., |
| Relator term | author. |
| 9 (RLIN) | 7893 |
| 240 10 - UNIFORM TITLE | |
| Uniform title | <a href="Metody rascheta teplo-i massoperenosa v zemnoi kore.">Metody rascheta teplo-i massoperenosa v zemnoi kore.</a> |
| Language of a work | English |
| 245 10 - TITLE STATEMENT | |
| Title | Calculation of heat and mass transfer in the earth's crust : |
| Remainder of title | Algorithms and programs / |
| Statement of responsibility, etc | V.I. Lyalko. |
| 264 #1 - PUBLICATION, DISTRIBUTION, ETC. (IMPRINT) | |
| Place of publication, distribution, etc | New Delhi : |
| Name of publisher, distributor, etc | Oxonian Press, |
| Date of publication, distribution, etc | [1981] |
| 264 #4 - PUBLICATION, DISTRIBUTION, ETC. (IMPRINT) | |
| Date of publication, distribution, etc | c1981 |
| 300 ## - PHYSICAL DESCRIPTION | |
| Extent | xii, 150 pages : |
| Other physical details | illustrations ; |
| Dimensions | 24 cm |
| 336 ## - CONTENT TYPE | |
| Source | rdacontent |
| Content type term | text |
| Content type code | txt |
| 337 ## - MEDIA TYPE | |
| Media type term | unmediated |
| Source | rdamedia |
| Media type code | n |
| 338 ## - CARRIER TYPE | |
| Carrier type term | volume |
| Carrier type code | nc |
| Source | rdacarrier |
| 504 ## - BIBLIOGRAPHY, ETC. NOTE | |
| Bibliography, etc | Includes bibliographical references. |
| 650 #7 - SUBJECT ADDED ENTRY--TOPICAL TERM | |
| Topical term or geographic name as entry element | Terrestrial heat flow |
| General subdivision | Mathematical models. |
| Source of heading or term | BUEsh |
| 9 (RLIN) | 7894 |
| 650 #7 - SUBJECT ADDED ENTRY--TOPICAL TERM | |
| Topical term or geographic name as entry element | Terrestrial heat flow |
| General subdivision | Data processing. |
| Source of heading or term | BUEsh |
| 9 (RLIN) | 7895 |
| 650 #7 - SUBJECT ADDED ENTRY--TOPICAL TERM | |
| Topical term or geographic name as entry element | Mass transfer |
| General subdivision | Mathematical models. |
| Source of heading or term | BUEsh |
| 9 (RLIN) | 7896 |
| 650 #7 - SUBJECT ADDED ENTRY--TOPICAL TERM | |
| Topical term or geographic name as entry element | Mass transfer |
| General subdivision | Data processing. |
| Source of heading or term | BUEsh |
| 9 (RLIN) | 7897 |
| 650 #7 - SUBJECT ADDED ENTRY--TOPICAL TERM | |
| Topical term or geographic name as entry element | Groundwater |
| General subdivision | Mathematical models. |
| Source of heading or term | BUEsh |
| 9 (RLIN) | 7898 |
| 650 #7 - SUBJECT ADDED ENTRY--TOPICAL TERM | |
| Topical term or geographic name as entry element | Groundwater |
| General subdivision | Data processing. |
| Source of heading or term | BUEsh |
| 9 (RLIN) | 7899 |
| 650 #7 - SUBJECT ADDED ENTRY--TOPICAL TERM | |
| Topical term or geographic name as entry element | Geophysics |
| Geographic subdivision | Dnieper River Watershed. |
| Source of heading or term | BUEsh |
| 9 (RLIN) | 7900 |
| 650 #7 - SUBJECT ADDED ENTRY--TOPICAL TERM | |
| Topical term or geographic name as entry element | Groundwater |
| Geographic subdivision | Dnieper River Watershed. |
| Source of heading or term | BUEsh |
| 9 (RLIN) | 7901 |
| 655 ## - INDEX TERM--GENRE/FORM | |
| Form subdivision | Reading book |
| 942 ## - ADDED ENTRY ELEMENTS (KOHA) | |
| Source of classification or shelving scheme | Dewey Decimal Classification |
| Koha item type | Book - Borrowing |
| Withdrawn status | Lost status | Source of classification or shelving scheme | Damaged status | Not for loan | Collection code | Home library | Current library | Shelving location | Date acquired | Source of acquisition | Cost, normal purchase price | Total Checkouts | Full call number | Barcode | Date last seen | Price effective from | Koha item type |
|---|---|---|---|---|---|---|---|---|---|---|---|---|---|---|---|---|---|
| Dewey Decimal Classification | Alef-Baa | Central Library | Central Library | First floor | 09/07/2009 | 150.00 | 551.14 LYA | 000017466 | 15/07/2025 | 09/07/2009 | Book - Borrowing |